01015nam a2200253 a 450000100060000000300080000600500170001400800410003103500190007204000310009104100080012208200260013010000330015624501230018926000420031230000320035449000600038650400410044665000350048783000700052294200120059299900170060495201400062172074BD-RjUL20211209082216.0170513s1966 nyua b 001 0 eng d a(BD-RjUL)72290 aDLC/ICUcICUdBD-RjULbeng aeng00223a541.372bNAI 19661 aNancollas, George H.921316010aInteractions in electrolyte solutions :b(metal complex and ion-pair formation in solution) /cby George H. Nancollas. aNew York :bElsevier Pub. Co.,c1966. ax, 214 p. :bill. ;c22 cm.1 aTopics in inorganic and general chemistry,vMonograph 8 aIncludes bibliographies and indexes. 0aElectrolyte solutions.9205902 0aTopics in inorganic and general chemistry ,vmonograph 8.9159275 2ddccBK c72074d72074 00102ddc40718NFICaRUCLbRUCLcReadingd1980-10-30eNetherlandg0.00l0o541.372 NAI 1966r2017-05-13 00:00:00tC-1w2017-05-13yBK